Detection of Mycobacterium ulcerans in environmental samples during an outbreak of ulcerative disease /
Đã lưu trong:
| Andre forfattere: | , , , , , , , , |
|---|---|
| Format: | Bài viết |
| Sprog: | English |
| Fag: | |
| Tags: |
Tilføj Tag
Ingen Tags, Vær først til at tagge denne postø!
|
| Thư viện lưu trữ: | Thư viện Trường Đại học Đà Lạt |
|---|
| LEADER | 01225nam a2200433 4500 | ||
|---|---|---|---|
| 001 | DLU090096307 | ||
| 005 | ##20091201 | ||
| 040 | # | # | |a DLU |b eng |
| 041 | # | # | |a eng |
| 044 | # | # | |a us |
| 245 | # | # | |a Detection of Mycobacterium ulcerans in environmental samples during an outbreak of ulcerative disease / |c B. C. Ross ... [et al.]. |
| 653 | # | # | |a Bacteria |
| 653 | # | # | |a Detection |
| 653 | # | # | |a Diagnosis |
| 653 | # | # | |a DNA |
| 653 | # | # | |a Epidemiology |
| 653 | # | # | |a Infection |
| 653 | # | # | |a Mycobacteriaceae |
| 653 | # | # | |a Polymerase chain reaction |
| 653 | # | # | |a Ulcer |
| 700 | # | # | |a Hayman, J. A. |
| 700 | # | # | |a Johnson, P. D. |
| 700 | # | # | |a Marino, L. |
| 700 | # | # | |a Oppedisano, F. |
| 700 | # | # | |a Robins-Browne, R. M. |
| 700 | # | # | |a Ross B. C. |
| 700 | # | # | |a Sievers, A. |
| 700 | # | # | |a Stinear, T. |
| 700 | # | # | |a Veitch, M. G. |
| 773 | # | # | |t Applied and Environmental Microbiology |g Vol. 63, no. 10 (October 1997), p. 4135-4138 |
| 920 | # | # | |a Phòng Tạp chí -- Trung tâm Thông tin - Thư viện Trường Đại học Đà Lạt |
| 994 | # | # | |a DLU |
| 900 | # | # | |a True |
| 911 | # | # | |a Trương Bảo Trâm Anh |
| 925 | # | # | |a G |
| 926 | # | # | |a A |
| 927 | # | # | |a BB |
| 980 | # | # | |a Thư viện Trường Đại học Đà Lạt |